[Event "CZE-chT1W 1516"]
[Site "Czech Republic"]
[Date "2016.03.20"]
[Round "10.7"]
[White "Umanec, Filip"]
[Black "Chalupa, Ivan"]
[Result "1/2-1/2"]
[WhiteElo "2274"]
[BlackElo "2143"]
[PlyCount "113"]
[EventDate "2015.10.11"]
[EventType "team-tourn"]
[EventRounds "11"]
[EventCountry "CZE"]
[SourceTitle "EXT 2017"]
[Source "ChessBase"]
[SourceDate "2016.10.25"]
[SourceVersion "1"]
[SourceVersionDate "2016.10.25"]
[SourceQuality "1"]
[WhiteTeam "Praha Grop"]
[BlackTeam "Praha Vysehrad"]
[WhiteTeamCountry "CZE"]
[BlackTeamCountry "CZE"]

1. e4 e5 2. Nf3 Nc6 3. Bc4 Nf6 4. d3 h6 5. c3 d6 6. 0-0 g6 7. Re1 Bg7 8. a4 0-0 9. Nbd2 Qe7 10. b4 Nd8 11. Qb3 Be6 12. Bb2 Nh5 13. d4 Nf4 14. b5 Nd3 15. Re3 Nxb2 16. Qxb2 Bf6 17. Rd1 exd4 18. cxd4 Bg5 19. Nxg5 Qxg5 20. Nf3 Qh5 21. Be2 Bg4 22. h3 Bxf3 23. Bxf3 Qg5 24. e5 a6 25. Qc2 axb5 26. axb5 Qe7 27. Bd5 Kg7 28. f4 dxe5 29. fxe5 Qd7 30. Bc4 c6 31. Qf2 Qe7 32. Qb2 Ne6 33. Rf3 Ra4 34. Bxe6 Qxe6 35. bxc6 bxc6 36. Rf6 Qc4 37. Rd2 Rb4 38. Qa3 Rb1+ 39. Kh2 Qc1 40. Qxc1 Rxc1 41. Rdf2 Rd1 42. e6 Re1 43. Rxf7+ Rxf7 44. exf7 Kf8 45. Rf6 h5 46. Rxg6 Re4 47. Rxc6 Rxd4 48. Rf6 h4 49. Kg1 Ra4 50. Rf5 Ra1+ 51. Kf2 Ra2+ 52. Kf3 Ra3+ 53. Kf4 Ra2 54. Rg5 Rf2+ 55. Ke5 Re2+ 56. Kf6 Rxg2 57. Rxg2 1/2-1/2

[Event "CZE-chT2C 1415"]
[Site "Czech Republic"]
[Date "2014.11.02"]
[Round "1.3"]
[White "Chalupa, Ivan"]
[Black "Hora, Milan"]
[Result "1/2-1/2"]
[WhiteElo "2163"]
[BlackElo "2161"]
[PlyCount "106"]
[EventDate "2014.11.02"]
[EventType "team-tourn"]
[EventRounds "11"]
[EventCountry "CZE"]
[SourceTitle "EXT 2022"]
[Source "ChessBase"]
[SourceDate "2021.10.06"]
[SourceVersion "1"]
[SourceVersionDate "2021.10.06"]
[SourceQuality "1"]
[WhiteTeam "Vysehrad II"]
[BlackTeam "Kolin"]
[WhiteTeamCountry "CZE"]
[BlackTeamCountry "CZE"]

1. e4 c5 2. Nf3 e6 3. d4 cxd4 4. Nxd4 a6 5. c4 Qc7 6. a3 Nf6 7. Nc3 Nc6 8. Be3 d6 9. Rc1 Bd7 10. Be2 Be7 11. 0-0 0-0 12. f3 Nxd4 13. Qxd4 Rac8 14. Rfd1 Qb8 15. a4 Rfd8 16. b4 Be8 17. a5 Nd7 18. f4 Nf6 19. g4 h6 20. h4 Nh7 21. g5 hxg5 22. hxg5 f6 23. Bg4 Nf8 24. Kg2 Qc7 25. Be2 fxg5 26. f5 Bf6 27. Qd2 Bxc3 28. Rxc3 exf5 29. exf5 Bc6+ 30. Bf3 Bxf3+ 31. Kxf3 Nh7 32. Bb6 Qc6+ 33. Qd5+ Qxd5+ 34. Rxd5 Rf8 35. Rxd6 Rxf5+ 36. Kg3 Nf6 37. Rd4 Re5 38. Rcd3 Kh7 39. Bd8 Kg6 40. c5 Re1 41. Rd6 Re8 42. Bxf6 gxf6 43. Rd7 Rb8 44. R3d6 Re3+ 45. Kf2 Rbe8 46. Rxb7 Re2+ 47. Kf1 Re1+ 48. Kf2 R8e2+ 49. Kf3 Re3+ 50. Kf2 R1e2+ 51. Kf1 Re1+ 52. Kf2 R1e2+ 53. Kf1 Re1+ 1/2-1/2

[Event "CZE-chT2A 1314"]
[Site "Czech Republic"]
[Date "2014.03.02"]
[Round "9.1"]
[White "Simunek, Filip"]
[Black "Chalupa, Ivan"]
[Result "1/2-1/2"]
[WhiteElo "2149"]
[BlackElo "2164"]
[PlyCount "96"]
[EventDate "2013.11.03"]
[EventType "team-tourn"]
[EventRounds "11"]
[EventCountry "CZE"]
[SourceTitle "EXT 2015"]
[Source "ChessBase"]
[SourceDate "2014.11.20"]
[SourceVersion "1"]
[SourceVersionDate "2014.11.20"]
[SourceQuality "1"]
[WhiteTeam "Klatovy"]
[BlackTeam "Vysehrad II"]
[WhiteTeamCountry "CZE"]
[BlackTeamCountry "CZE"]

1. d4 Nf6 2. Nf3 e6 3. c4 c5 4. d5 b5 5. dxe6 fxe6 6. cxb5 d5 7. Bf4 Bd6 8. Bxd6 Qxd6 9. g3 0-0 10. Bg2 a6 11. bxa6 Nc6 12. 0-0 Bxa6 13. Re1 Rad8 14. Qa4 Bb7 15. Nc3 Ra8 16. Qd1 c4 17. e4 Qc5 18. exd5 exd5 19. Ng5 Nd8 20. a4 Rb8 21. Qd2 h6 22. Nf3 Nc6 23. Rad1 Nb4 24. Ne5 Rfd8 25. Nb5 Bc6 26. Nxc6 Nxc6 27. Nc7 Ne4 28. Bxe4 dxe4 29. Qc3 Rb3 30. Qxg7+ Kxg7 31. Ne6+ Kf6 32. Nxc5 Rxd1 33. Rxd1 Rxb2 34. Rd6+ Ke5 35. Rxc6 c3 36. Nxe4 c2 37. Kg2 Kxe4 38. a5 Kd3 39. Rd6+ Ke2 40. Re6+ Kd2 41. Rd6+ Kc3 42. Rc6+ Kd3 43. Rd6+ Ke4 44. Rc6 Ra2 45. a6 h5 46. a7 Kd3 47. Rd6+ Ke2 48. Rc6 Kd2 1/2-1/2

[Event "CZE-chT2A 1314"]
[Site "Czech Republic"]
[Date "2014.02.02"]
[Round "7.2"]
[White "Chalupa, Ivan"]
[Black "Kovar, Vojtech"]
[Result "1/2-1/2"]
[WhiteElo "2164"]
[BlackElo "2303"]
[PlyCount "26"]
[EventDate "2013.11.03"]
[EventType "team-tourn"]
[EventRounds "11"]
[EventCountry "CZE"]
[SourceTitle "EXT 2015"]
[Source "ChessBase"]
[SourceDate "2014.11.20"]
[SourceVersion "1"]
[SourceVersionDate "2014.11.20"]
[SourceQuality "1"]
[WhiteTeam "Vysehrad II"]
[BlackTeam "Postovni sporitelna II"]
[WhiteTeamCountry "CZE"]
[BlackTeamCountry "CZE"]

1. e4 d6 2. d4 Nf6 3. Nc3 e5 4. Nf3 Nbd7 5. Bc4 Be7 6. 0-0 0-0 7. Bg5 c6 8. a4 a5 9. Re1 Qb6 10. Qd2 Re8 11. h3 Bf8 12. Bb3 h6 13. Be3 Qd8 1/2-1/2

[Event "CZE-chT1W 1213"]
[Site "Czech Republic"]
[Date "2013.04.21"]
[Round "11.8"]
[White "Chalupa, Ivan"]
[Black "Kozusek, Daniel"]
[Result "1-0"]
[WhiteElo "2167"]
[BlackElo "2043"]
[PlyCount "87"]
[EventDate "2012.10.28"]
[EventType "team-tourn"]
[EventRounds "11"]
[EventCountry "CZE"]
[SourceTitle "EXT 2014"]
[Source "ChessBase"]
[SourceDate "2013.11.20"]
[SourceVersion "1"]
[SourceVersionDate "2013.11.20"]
[SourceQuality "1"]
[WhiteTeam "Vysehrad"]
[BlackTeam "Polabiny"]
[WhiteTeamCountry "CZE"]
[BlackTeamCountry "CZE"]

1. e4 e6 2. d4 d5 3. Nd2 Nf6 4. e5 Nfd7 5. f4 c5 6. c3 Nc6 7. Ngf3 Qb6 8. Nb3 cxd4 9. cxd4 a5 10. a4 Bb4+ 11. Kf2 f6 12. Be3 0-0 13. Bd3 Ne7 14. h4 Qa7 15. Rc1 b6 16. Qc2 f5 17. Qc7 Nc5 18. Rxc5 bxc5 19. Qxa7 Rxa7 20. Nxc5 h6 21. Bb5 Kf7 22. Bd2 Bxc5 23. dxc5 Bd7 24. Nd4 Rc8 25. Bxd7 Rxd7 26. Rc1 Nc6 27. Nxc6 Rxc6 28. Bxa5 d4 29. Ke2 g5 30. hxg5 hxg5 31. g3 Kg6 32. Kd3 Kh5 33. b4 gxf4 34. gxf4 Kg4 35. b5 Rc8 36. Bd2 Rh7 37. c6 Rh3+ 38. Kc4 Rh2 39. Rc2 Ra8 40. Ra2 Rxd2 41. Rxd2 Kxf4 42. Kxd4 Rxa4+ 43. Kc5 Ke3 44. Rh2 1-0

[Event "CZE-chT2C 1213"]
[Site "Czech Republic"]
[Date "2013.01.20"]
[Round "7.5"]
[White "Skalicky, Tomas"]
[Black "Chalupa, Ivan"]
[Result "0-1"]
[WhiteElo "1960"]
[BlackElo "2167"]
[PlyCount "108"]
[EventDate "2012.10.14"]
[EventType "team-tourn"]
[EventRounds "11"]
[EventCountry "CZE"]
[SourceTitle "EXT 2015"]
[Source "ChessBase"]
[SourceDate "2014.11.20"]
[SourceVersion "1"]
[SourceVersionDate "2014.11.20"]
[SourceQuality "1"]
[WhiteTeam "Ricany"]
[BlackTeam "Vysehrad II"]
[WhiteTeamCountry "CZE"]
[BlackTeamCountry "CZE"]

1. d4 Nf6 2. Nf3 e6 3. c4 c5 4. g3 d5 5. cxd5 exd5 6. Bg2 Nc6 7. Nc3 Be7 8. 0-0 0-0 9. dxc5 d4 10. Na4 Bf5 11. Bf4 Be4 12. Rc1 Qd5 13. Qb3 Qh5 14. Rfd1 Rad8 15. Bd6 b5 16. Qxb5 Rxd6 17. Qc4 Rdd8 18. Nxd4 Bxg2 19. Kxg2 Nxd4 20. Rxd4 Rxd4 21. Qxd4 Qxe2 22. c6 Qe4+ 23. Qxe4 Nxe4 24. Re1 Nc5 25. Rxe7 Nxa4 26. b3 Nc3 27. Rxa7 Rc8 28. a4 Kf8 29. Ra6 Nd5 30. Kf3 Nb4 31. Rb6 Nxc6 32. Ke4 Nd8 33. a5 Ke7 34. b4 Kd7 35. b5 Kc7 36. Ra6 Rb8 37. b6+ Kc6 38. Ra7 Rb7 39. Ra8 Rd7 40. Rc8+ Kb7 41. Rc5 Nc6 42. Rh5 Rd4+ 43. Kf3 h6 44. g4 f6 45. Kg3 Ne5 46. f3 Ra4 47. h4 Rxa5 48. g5 fxg5 49. hxg5 Nf7 50. f4 hxg5 51. Rh7 gxf4+ 52. Kxf4 Rg5 53. Rh1 Kxb6 54. Re1 Rg6 0-1

[Event "CZE-chT1W 1213"]
[Site "Czech Republic"]
[Date "2012.10.28"]
[Round "1.7"]
[White "Fiala, Jaroslav"]
[Black "Chalupa, Ivan"]
[Result "1-0"]
[WhiteElo "2207"]
[BlackElo "2167"]
[PlyCount "118"]
[EventDate "2012.10.28"]
[EventType "team-tourn"]
[EventRounds "11"]
[EventCountry "CZE"]
[SourceTitle "EXT 2013"]
[Source "ChessBase"]
[SourceDate "2012.11.22"]
[SourceVersion "1"]
[SourceVersionDate "2012.11.22"]
[SourceQuality "1"]
[WhiteTeam "Jicin"]
[BlackTeam "Vysehrad"]
[WhiteTeamCountry "CZE"]
[BlackTeamCountry "CZE"]

1. Nf3 d5 2. d4 e6 3. c4 c5 4. cxd5 exd5 5. Nc3 Nc6 6. g3 Nf6 7. Bg2 Be7 8. 0-0 0-0 9. Bg5 c4 10. Ne5 Be6 11. Nxc6 bxc6 12. b3 Qa5 13. Na4 Rad8 14. e3 c5 15. Bxf6 gxf6 16. Nxc5 Bxc5 17. dxc5 Qxc5 18. Qh5 cxb3 19. axb3 Qb6 20. Ra4 Qxb3 21. Rh4 Rfe8 22. Qxh7+ Kf8 23. Rb1 Qa2 24. Rd4 Ke7 25. Rb7+ Rd7 26. Rxd7+ Kxd7 27. Bxd5 Bxd5 28. Qxf7+ Kd6 29. Rxd5+ Qxd5 30. Qxe8 a5 31. h4 Qe5 32. Qd8+ Ke6 33. Qg8+ Kd6 34. g4 Qe6 35. Qd8+ Kc6 36. Qd4 Qd6 37. Qa4+ Kb6 38. h5 Qb4 39. Qxb4+ axb4 40. h6 b3 41. h7 b2 42. h8Q b1Q+ 43. Kg2 Qg6 44. Kg3 Kb7 45. Qd8 Ka7 46. Qd7+ Kb8 47. Qf5 Qg7 48. f4 Kc7 49. Qc5+ Kb7 50. g5 fxg5 51. Qxg5 Qa1 52. Qe7+ Kc8 53. Qc5+ Kb7 54. f5 Ka8 55. Kf4 Qb1 56. f6 Qf1+ 57. Ke5 Qf2 58. Ke6 Qg3 59. Qf8+ Ka7 1-0

[Event "CZE-chT2C 1112"]
[Site "Czech Republic"]
[Date "2012.04.22"]
[Round "11.2"]
[White "Chalupa, Ivan"]
[Black "Voloshin, Leonid"]
[Result "0-1"]
[WhiteElo "2139"]
[BlackElo "2449"]
[PlyCount "150"]
[EventDate "2011.10.09"]
[EventType "team-tourn"]
[EventRounds "11"]
[EventCountry "CZE"]
[SourceTitle "EXT 2013"]
[Source "ChessBase"]
[SourceDate "2012.11.22"]
[SourceVersion "1"]
[SourceVersionDate "2012.11.22"]
[SourceQuality "1"]
[WhiteTeam "Vysehrad II"]
[BlackTeam "Jicin II"]
[WhiteTeamCountry "CZE"]
[BlackTeamCountry "CZE"]

1. e4 c5 2. Nf3 e6 3. d4 cxd4 4. Nxd4 a6 5. c4 Nf6 6. Nc3 Bb4 7. Bd2 0-0 8. e5 Ne8 9. Nc2 Be7 10. Bd3 Nc6 11. Qe2 Qc7 12. f4 d6 13. exd6 Bxd6 14. 0-0 f5 15. Be3 Qe7 16. Nd4 Nf6 17. h3 Bd7 18. Rae1 Rae8 19. Qf2 Qd8 20. Re2 Qb8 21. Nxc6 Bxc6 22. c5 Bc7 23. Bc4 Kh8 24. Bd4 e5 25. Bxe5 Bxe5 26. fxe5 Rxe5 27. Rxe5 Qxe5 28. Re1 Ne4 29. Nxe4 Bxe4 30. Bd3 Re8 31. Bxe4 fxe4 32. b4 e3 33. Qf7 e2 34. Qf2 h6 35. a4 Qe4 36. b5 Qxa4 37. c6 Qxb5 38. cxb7 Qxb7 39. Rxe2 Rd8 40. Qh4 a5 41. Re3 Qb6 42. Kh1 Rf8 43. Qe4 Qb8 44. Kg1 Qb5 45. Qd4 Qf1+ 46. Kh2 Qf4+ 47. Qxf4 Rxf4 48. Re7 a4 49. Kg3 Rb4 50. Kh2 Kh7 51. Ra7 h5 52. Ra5 Kh6 53. Kh1 h4 54. Kh2 Kg6 55. Kh1 Kf6 56. Kh2 Ke6 57. Kh1 Kd6 58. Kh2 Kc6 59. Kg1 Kb6 60. Ra8 Re4 61. Kf2 Kb5 62. Kf3 Re6 63. Kg4 Rg6+ 64. Kxh4 Rxg2 65. Kh5 Kb4 66. Rb8+ Kc3 67. Ra8 Kb3 68. Rb8+ Ka2 69. h4 g6+ 70. Kh6 Rg4 71. Rb6 a3 72. Rb5 Ka1 73. Ra5 a2 74. Rc5 Rxh4+ 75. Kxg6 Rh1 0-1

[Event "CZE-chT2C 1112"]
[Site "Czech Republic"]
[Date "2012.01.08"]
[Round "5.3"]
[White "Pick, Stepan"]
[Black "Chalupa, Ivan"]
[Result "1/2-1/2"]
[WhiteElo "2169"]
[BlackElo "2139"]
[PlyCount "39"]
[EventDate "2011.10.09"]
[EventType "team-tourn"]
[EventRounds "11"]
[EventCountry "CZE"]
[SourceTitle "EXT 2013"]
[Source "ChessBase"]
[SourceDate "2012.11.22"]
[SourceVersion "1"]
[SourceVersionDate "2012.11.22"]
[SourceQuality "1"]
[WhiteTeam "Pankrac II"]
[BlackTeam "Vysehrad II"]
[WhiteTeamCountry "CZE"]
[BlackTeamCountry "CZE"]

1. Nf3 Nf6 2. d4 d5 3. c4 dxc4 4. e3 Bg4 5. Bxc4 e6 6. h3 Bh5 7. 0-0 Nbd7 8. Nc3 Be7 9. Be2 0-0 10. a3 c6 11. b3 Qc7 12. Bb2 Rad8 13. Rc1 Qb8 14. b4 Bd6 15. Qb3 e5 16. dxe5 Nxe5 17. Nxe5 Bxe5 18. Bxh5 Nxh5 19. Rfd1 Nf6 20. Ne2 1/2-1/2

[Event "CZE-chT rap"]
[Site "Pardubice"]
[Date "2011.07.15"]
[Round "3"]
[White "Cech, Pavel"]
[Black "Chalupa, Ivan"]
[Result "1-0"]
[WhiteElo "2377"]
[BlackElo "2156"]
[PlyCount "53"]
[EventDate "2011.07.14"]
[EventType "team-swiss"]
[EventRounds "7"]
[EventCountry "CZE"]
[SourceTitle "CBM 143 Extra"]
[Source "ChessBase"]
[SourceDate "2011.08.29"]
[SourceVersion "1"]
[SourceVersionDate "2011.08.29"]
[SourceQuality "1"]

1. d4 d5 2. c4 dxc4 3. Nf3 Nf6 4. e3 Bg4 5. Bxc4 e6 6. Qb3 Bxf3 7. gxf3 Nbd7 8. Qxb7 c5 9. Nc3 cxd4 10. exd4 Bd6 11. Qc6 Bc7 12. Be3 0-0 13. Bb3 Rc8 14. Qa6 Nb6 15. 0-0-0 Nfd5 16. Nxd5 Nxd5 17. Kb1 Bb6 18. Qd3 Qd7 19. Rhg1 f5 20. Rc1 a5 21. Rxc8 Rxc8 22. Qa6 Nxe3 23. fxe3 Qc6 24. d5 exd5 25. Bxd5+ Qxd5 26. Qxc8+ Kf7 27. Qc3 1-0

[Event "CZE-chT2A 1011"]
[Site "Czech Republic"]
[Date "2011.02.20"]
[Round "8"]
[White "Chalupa, Ivan"]
[Black "Taborsky, Rostislav"]
[Result "0-1"]
[WhiteElo "2161"]
[BlackElo "2260"]
[PlyCount "76"]
[EventDate "2010.10.17"]
[EventType "team-tourn"]
[EventRounds "11"]
[EventCountry "CZE"]
[SourceTitle "EXT 2012"]
[Source "ChessBase"]
[SourceDate "2011.11.24"]
[SourceVersion "1"]
[SourceVersionDate "2011.11.24"]
[SourceQuality "1"]
[WhiteTeam "Vysehrad II"]
[BlackTeam "Zizkov"]
[WhiteTeamCountry "CZE"]
[BlackTeamCountry "CZE"]

1. e4 c5 2. Nf3 d6 3. d4 cxd4 4. Nxd4 Nf6 5. Nc3 Nc6 6. Be2 e6 7. 0-0 Be7 8. Be3 0-0 9. f4 a6 10. a4 Qc7 11. Kh1 Re8 12. Bd3 Nb4 13. a5 Bd7 14. Qd2 Rac8 15. Rfc1 e5 16. Nf3 Bc6 17. Bb6 Qb8 18. fxe5 dxe5 19. Qe2 Nxd3 20. Qxd3 Bb4 21. Nd5 Bxd5 22. exd5 e4 23. Qd4 exf3 24. Qxb4 fxg2+ 25. Kg1 Nxd5 26. Qg4 Nxb6 27. axb6 Qd6 28. Qxg2 Qxb6+ 29. Kh1 Qc6 30. Qxc6 Rxc6 31. Re1 Rxe1+ 32. Rxe1 Kf8 33. Re2 Re6 34. Rd2 Ke7 35. Kg2 f5 36. Kf3 b5 37. c3 g5 38. Rd5 Kf6 0-1

[Event "CZE-chT2A 1011"]
[Site "Czech Republic"]
[Date "2010.11.21"]
[Round "3"]
[White "Chalupa, Ivan"]
[Black "Palek, Miroslav"]
[Result "1/2-1/2"]
[WhiteElo "2161"]
[BlackElo "2261"]
[PlyCount "135"]
[EventDate "2010.10.17"]
[EventType "team-tourn"]
[EventRounds "11"]
[EventCountry "CZE"]
[SourceTitle "EXT 2012"]
[Source "ChessBase"]
[SourceDate "2011.11.24"]
[SourceVersion "1"]
[SourceVersionDate "2011.11.24"]
[SourceQuality "1"]
[WhiteTeam "Vysehrad II"]
[BlackTeam "Plzen Sokol"]
[WhiteTeamCountry "CZE"]
[BlackTeamCountry "CZE"]

1. e4 c5 2. Nf3 Nc6 3. d4 cxd4 4. Nxd4 Qb6 5. Nb3 Nf6 6. Nc3 e6 7. Bd3 Be7 8. 0-0 0-0 9. Qe2 d6 10. Bg5 a6 11. Rae1 Ne5 12. Kh1 Re8 13. f4 Ng6 14. e5 Nd7 15. Bxg6 hxg6 16. Bxe7 Rxe7 17. Rf3 Re8 18. Rh3 d5 19. Rd1 Qb4 20. Qg4 Qe7 21. Nd4 Nf8 22. Nf3 f6 23. Rf1 Qb4 24. Qh4 Kf7 25. exf6 gxf6 26. Ne5+ Ke7 27. Nxg6+ Nxg6 28. Qh7+ Kd8 29. Qxg6 f5 30. Rh7 Bd7 31. Qf6+ Kc7 32. Qe5+ Qd6 33. Ne2 Qxe5 34. fxe5 Rh8 35. Rf7 Rh4 36. Nf4 Rah8 37. h3 R4h6 38. c3 Rg8 39. Kh2 Kd8 40. Re1 Ke8 41. Rf6 Rxf6 42. exf6 Kf7 43. Nxd5 Bc6 44. Nf4 Be4 45. g4 Kxf6 46. Nh5+ Kf7 47. Ng3 Bd5 48. gxf5 Bxa2 49. fxe6+ Bxe6 50. Rf1+ Ke7 51. Nf5+ Kd7 52. Nd4 Bd5 53. Rf2 a5 54. h4 a4 55. Kh3 a3 56. bxa3 Rc8 57. Rc2 Ra8 58. Rd2 Ke7 59. h5 Rxa3 60. Re2+ Kf6 61. Re3 Ra1 62. Kg4 Rg1+ 63. Rg3 Rxg3+ 64. Kxg3 Kg5 65. h6 Kxh6 66. Kf4 Kg7 67. Ke5 Bc4 68. Nf5+ 1/2-1/2

[Event "CZE-chT1W 1011"]
[Site "Czech Republic"]
[Date "2010.10.31"]
[Round "2.4"]
[White "Juptner, Jan"]
[Black "Chalupa, Ivan"]
[Result "1-0"]
[WhiteElo "2312"]
[BlackElo "2161"]
[PlyCount "99"]
[EventDate "2010.10.10"]
[EventType "team-tourn"]
[EventRounds "11"]
[EventCountry "CZE"]
[SourceTitle "EXT 2012"]
[Source "ChessBase"]
[SourceDate "2011.11.24"]
[SourceVersion "1"]
[SourceVersionDate "2011.11.24"]
[SourceQuality "1"]
[WhiteTeam "Hradec Kralove"]
[BlackTeam "Praha Vysehrad"]
[WhiteTeamCountry "CZE"]
[BlackTeamCountry "CZE"]

1. d4 d5 2. c4 dxc4 3. e4 e5 4. Nf3 Bb4+ 5. Bd2 Bxd2+ 6. Nbxd2 exd4 7. Bxc4 Nh6 8. 0-0 0-0 9. Nb3 Qe7 10. Qxd4 Nc6 11. Qe3 Ng4 12. Qf4 Nge5 13. Be2 Nxf3+ 14. Bxf3 Ne5 15. Be2 f6 16. Qe3 Be6 17. Nc5 Bc4 18. Rac1 Bxe2 19. Qxe2 c6 20. f4 Nf7 21. f5 Rfe8 22. Qc4 Kh8 23. Rfe1 Rad8 24. Rc2 Rd6 25. b4 Ne5 26. Qe2 Red8 27. Ne6 R8d7 28. b5 h6 29. Rb1 b6 30. bxc6 Nxc6 31. Qh5 Rxe6 32. fxe6 Qxe6 33. Qf5 Qxf5 34. exf5 Nd4 35. Rc8+ Kh7 36. Rf1 Rd5 37. g4 h5 38. h3 hxg4 39. hxg4 Kh6 40. Rc7 Ra5 41. Rf2 Ra3 42. g5+ Kh5 43. gxf6 gxf6 44. Rg7 Nf3+ 45. Kf1 Ng5 46. Rg6 Kg4 47. Rxf6 Ne4 48. Rg6+ Kh3 49. Rfg2 Rf3+ 50. Kg1 1-0

[Event "Klatovy op"]
[Site "Klatovy"]
[Date "2010.07.04"]
[Round "2"]
[White "Chalupa, Ivan"]
[Black "Neuman, Petr"]
[Result "1/2-1/2"]
[WhiteElo "2194"]
[BlackElo "2439"]
[PlyCount "54"]
[EventDate "2010.07.03"]
[EventType "swiss"]
[EventRounds "9"]
[EventCountry "CZE"]
[SourceTitle "CBM 137 Extra"]
[Source "ChessBase"]
[SourceDate "2010.09.01"]
[SourceVersion "1"]
[SourceVersionDate "2010.09.01"]
[SourceQuality "1"]

1. e4 c5 2. Nf3 d6 3. d4 cxd4 4. Nxd4 Nf6 5. Nc3 Nc6 6. Be2 g6 7. 0-0 Bg7 8. Nb3 0-0 9. Bg5 a6 10. a4 Be6 11. Re1 Na5 12. Nd4 Bc4 13. Bf3 h6 14. Be3 e5 15. Nb3 Nxb3 16. cxb3 Be6 17. b4 Qe7 18. Re2 Rfd8 19. Rd2 Kh7 20. a5 Bc4 21. Be2 Qe6 22. Bxc4 Qxc4 23. Rxd6 Rxd6 24. Qxd6 Nxe4 25. Nxe4 Qxe4 26. Bc5 Kg8 27. Rd1 Qc6 1/2-1/2

[Event "CZE-chT1W 0910"]
[Site "Czech Republic"]
[Date "2009.10.11"]
[Round "1.7"]
[White "Braun, Marek"]
[Black "Chalupa, Ivan"]
[Result "1/2-1/2"]
[WhiteElo "2108"]
[BlackElo "2194"]
[PlyCount "67"]
[EventDate "2009.10.11"]
[EventType "team-tourn"]
[EventRounds "11"]
[EventCountry "CZE"]
[SourceTitle "EXT 2011"]
[Source "ChessBase"]
[SourceDate "2010.11.26"]
[SourceVersion "1"]
[SourceVersionDate "2010.11.26"]
[SourceQuality "1"]
[WhiteTeam "Novoborsky II"]
[BlackTeam "Vysehrad"]
[WhiteTeamCountry "CZE"]
[BlackTeamCountry "CZE"]

1. d4 d5 2. c4 dxc4 3. Nf3 Nf6 4. e3 g6 5. Bxc4 Bg7 6. Nc3 0-0 7. 0-0 Nfd7 8. e4 Nb6 9. Be2 Bg4 10. Be3 Nc6 11. d5 Bxf3 12. gxf3 Ne5 13. Qb3 Qd7 14. Kg2 g5 15. Bxg5 Ng6 16. Rg1 Kh8 17. Kh1 f5 18. Qb4 a5 19. Qc5 Be5 20. f4 Bg7 21. e5 Rg8 22. h4 h6 23. h5 Nxe5 24. fxe5 hxg5 25. Qd4 e6 26. Rxg5 Bh6 27. Rg6 Rxg6 28. hxg6 Nxd5 29. Nxd5 Qxd5+ 30. Qxd5 exd5 31. Bd3 Re8 32. Bxf5 Rxe5 33. Bd3 c5 34. b3 1/2-1/2

[Event "CZE-chT2C 0809"]
[Site "Czech Republic"]
[Date "2009.03.22"]
[Round "10.2"]
[White "Chalupa, Ivan"]
[Black "Svoboda, Vaclav1111"]
[Result "1/2-1/2"]
[WhiteElo "2170"]
[BlackElo "2277"]
[PlyCount "49"]
[EventDate "2008.10.12"]
[EventType "team-tourn"]
[EventRounds "11"]
[EventCountry "CZE"]
[SourceTitle "EXT 2010"]
[Source "ChessBase"]
[SourceDate "2010.11.25"]
[SourceVersion "1"]
[SourceVersionDate "2010.11.25"]
[SourceQuality "1"]
[WhiteTeam "Vysehrad III"]
[BlackTeam "Praha Oaza"]
[WhiteTeamCountry "CZE"]
[BlackTeamCountry "CZE"]

1. e4 c5 2. Nf3 Nc6 3. d4 cxd4 4. Nxd4 Nf6 5. Nc3 d6 6. Be2 e5 7. Nf3 Be7 8. Bg5 0-0 9. Bxf6 Bxf6 10. Nd5 Be6 11. 0-0 Bxd5 12. Qxd5 Qb6 13. Qb3 Nd4 14. Nxd4 exd4 15. Qxb6 axb6 16. Bc4 Rac8 17. Bb3 Rc5 18. Rad1 g6 19. f3 Re8 20. g3 Kg7 21. Kf2 h5 22. Rd3 h4 23. Rh1 Rh8 24. Rdd1 Rch5 25. Kg2 1/2-1/2